Normal view
MARC view
- Peraturan-Peraturan
Entry Topical Term
001 - CONTROL NUMBER
- control field: 8822
003 - CONTROL NUMBER IDENTIFIER
- control field: OSt
005 - DATE AND TIME OF LATEST TRANSACTION
- control field: 20170601103832.0
008 - FIXED-LENGTH DATA ELEMENTS
- fixed length control field: 170601|| aca||aabn | a|a d
040 ## - CATALOGING SOURCE
- Original cataloging agency: OSt
- Transcribing agency: OSt
150 ## - HEADING--TOPICAL TERM
- Topical term or geographic name entry element: Peraturan-Peraturan
670 ## - SOURCE DATA FOUND
- Source citation: Work cat.: (OSt): MDC Publishers 2011 8821, Akta Cukai Perkhidmatan, Peraturan-Peraturan Cukai Perkhidmatan, Peraturan-Peraturan Cukai Perkhidmatan (Ketetapan Kastam), Perintah Cukai Perkhidmatan (Kadar Cukai), 2011

PORTAL AKMAL
E-MEL JKDM
AKMAL2U
G-BAM
u-PUSTAKA